01392nam a2200241Ia 4500001000600000003000900006008004100015040001300056040001300069041001300082100001900095100002900114245003300143245003300176250001100209260002300220260002000243260004900263300005700312500072600369650002401095650003101119B0788IT-RoPAU130308s9999 xx 000 0 und d aIT-RoPAU cIT-RoPAU aFRANCESE aOury Guy-Marie gCodice Aut. SPICS: 37177 aHistoire de l'evangelisation bHistoire de L'Evangelisation a1a ed. aCHAMBRAY LES toURS bEditions C.L.D. c1991 [1° Ed.:1991 - Ed.Ling.Originale:1991] a"366 p. (prefazione: no ; testo: 366 [pagine: 0-0])" aStoria dell'Evangelizzazione. testimoni di Cristo Alla conquista del Mondogreco Romano: inviati di Cristo, Vangelo nel Mondo Giudeo, Martiri e Apologisti. soggetti Protetti da un Imperatore Cristiano: conversioneDi Costantino, padri e Dottori della Chiesa, Problema delle Lingue, Monachesimo. conquista dei Conquistatori: conversioneDei Popoli Barbari. Conquiste dell'Islam e Missioni di Germania. Guerre Sante tra Islam e Cristianesimo. impero D'Oriente e D'Occidente. Cristianità Gregoriana. Era dei Fratelli Mendicanti. Nascita della Cristianità moderna. Equivoci della Riforma. Tempo delle Missioni. ricostruzione impegno maggiore del Secolo Xix: Rievangelizzazione. Speranze e timori dell'anno 2000.Bibliografia. aPASTORALE E CULTURE eCodice materia Spics: 9302